000 02032 a2200253 4500
999 _c11236
_d11236
020 _a9780763736248 (pbk.)
050 0 0 _aTX361
_bBER 2010
100 1 _aBernstein, Melissa.
_eauthor
245 1 0 _aNutrition for the older adult /
_cMelissa Bernstein, Ann Schmidt Luggen.
264 _aBoston:
_bJones and Bartlett Publishers,
_c2010
300 _axi, 422 pages
_billustrations
336 _2rdacontent
_atext
_btxt
337 _2rdamedia
_aunmediated
_bn
338 _2rdacarrier
_avolume
_bnc
504 _aIncludes bibliographical references and index.
505 0 _aIntroduction and demographics of aging -- Physiological changes with aging -- Macronutrient requirements for older adults -- Vitamin status and requirements of the older adult -- Mineral requirements of the older adult -- Smell and taste in older adults -- The aging gastrointestinal tract -- Aging and the cardiovascular system -- The renal/genitourinary systems in aging -- Nutritional aspects of management of hematological disorders in older adults -- Endocrine and metabolic alterations and nutrition in the older adult -- Cancer and nutrition in older adults -- Neurological changes affecting nutrition in older adults -- Weight loss and obesity in older adults -- Alcohol use in older adults -- Nutritional assessment for the older adult -- Pharmacology, nutrition, and the older adult : interactions and implications -- Nutritional support for the older adult -- Exercise for the older adult : nutritional implications -- Diet and cultural diversity in older adults -- Nutrition services for older Americans -- Health promotion and disease prevention in the older adult.
650 0 _aOlder people
_xNutrition.
650 0 _aDiet therapy for older people.
650 1 2 _aNutritional Physiological Phenomena.
650 2 2 _aAged.
700 1 _aLuggen, Ann Schmidt.
_eauthor
942 _2lcc
_cBK
_h361
_iBER
_kTX